[Event "Eastern Asia-ch U14 Girls"]
[Site "Tornelo INT"]
[Date "2021.10.23"]
[Round "4"]
[White "Nguyen, Ngoc Phuong Nghi"]
[Black "Parvin, Zahra"]
[Result "1/2-1/2"]
[WhiteElo "1298"]
[BlackElo "1613"]
[PlyCount "163"]
[EventDate "2021.10.22"]
[EventType "swiss"]
[EventRounds "9"]
[EventCountry "NET"]
[SourceTitle "EXT 2023"]
[Source "ChessBase"]
[SourceDate "2022.10.05"]
[SourceVersion "1"]
[SourceVersionDate "2022.10.05"]
[SourceQuality "1"]

1. d4 d5 2. Nf3 e6 3. g3 Nf6 4. Bg2 Be7 5. 0-0 0-0 6. c4 dxc4 7. Ne5 c5 8. dxc5 Bxc5 9. Nc3 Qc7 10. Bf4 Nh5 11. e3 Nxf4 12. gxf4 Nd7 13. Nxc4 a6 14. Rc1 Rb8 15. Ne4 Qd8 16. Ncd6 b6 17. a3 Nf6 18. Nxc5 bxc5 19. Rxc5 Qb6 20. Rxc8 Rfxc8 21. Nxc8 Rxc8 22. b4 g6 23. Qb3 Qb5 24. Rd1 Qe2 25. Qd3 Qh5 26. h3 Rc7 27. Qd8+ Kg7 28. Qd4 Rd7 29. Qxf6+ Kxf6 30. Rxd7 Qb5 31. Rd4 Qa4 32. Rd3 Qc2 33. Bf1 g5 34. fxg5+ Kxg5 35. Rd6 a5 36. b5 Qb3 37. b6 Qxa3 38. Rd7 Qb2 39. b7 a4 40. Bg2 a3 41. Rd8 a2 42. b8Q Qxb8 43. Rxb8 a1Q+ 44. Bf1 e5 45. Kg2 Qa4 46. Rg8+ Kf6 47. Rg4 Qa8+ 48. Kg3 h5 49. Rc4 Qg8+ 50. Kf3 Kg6 51. Bd3+ Kf6 52. Rc6+ Ke7 53. Rc7+ Kd6 54. Rc4 f5 55. Ke2 e4 56. Rd4+ Ke5 57. Bc4 Qg2 58. Rd5+ Kf6 59. Rd6+ Ke7 60. Re6+ Kd7 61. Rh6 Qxh3 62. Be6+ Ke7 63. Bc4 Qg4+ 64. Kd2 h4 65. Re6+ Kd7 66. Rh6 Qf3 67. Ke1 h3 68. Bf1 Qg4 69. Rxh3 Kd6 70. Rg3 Qh5 71. Bc4 Kc5 72. Be2 Qh1+ 73. Kd2 Qh2 74. Ke1 Kb4 75. Rg6 Qe5 76. Rb6+ Ka4 77. Ra6+ Kb3 78. Rb6+ Ka4 79. Ra6+ Kb4 80. Rb6+ Ka5 81. Ra6+ Kb4 82. Rb6+ 1/2-1/2

[Event "Eastern Asia-ch U14 Girls"]
[Site "Tornelo INT"]
[Date "2021.10.22"]
[Round "3"]
[White "Parvin, Zahra"]
[Black "Dakshita, Kumawat"]
[Result "0-1"]
[WhiteElo "1613"]
[BlackElo "1340"]
[PlyCount "134"]
[EventDate "2021.10.22"]
[EventType "swiss"]
[EventRounds "9"]
[EventCountry "NET"]
[SourceTitle "EXT 2023"]
[Source "ChessBase"]
[SourceDate "2022.10.05"]
[SourceVersion "1"]
[SourceVersionDate "2022.10.05"]
[SourceQuality "1"]

1. e4 e6 2. d4 d5 3. exd5 exd5 4. Nf3 Bd6 5. Bd3 Ne7 6. 0-0 Nbc6 7. c3 Bg4 8. Nbd2 Qd7 9. b4 0-0-0 10. a4 Ng6 11. Nb3 Rde8 12. b5 Nd8 13. Be3 Nf4 14. Nc5 Qe7 15. Bxf4 Bxf4 16. a5 Ne6 17. h3 h5 18. Re1 Qf6 19. Nxe6 fxe6 20. hxg4 hxg4 21. Ne5 g3 22. Qf3 Qh4 23. Kf1 gxf2 24. Reb1 Bxe5 25. dxe5 Ref8 26. Qh3 Qxh3 27. gxh3 Rxh3 28. Rd1 g5 29. Kg2 g4 30. Ra2 Rhf3 31. Be2 Rxc3 32. Rf1 g3 33. Bg4 Kd7 34. Raa1 Rf4 35. Bh3 Re4 36. Rad1 Rxe5 37. Rd2 Kd6 38. Rd4 Re1 39. Rd1 Ree3 40. Rd2 Rb3 41. Rdd1 Rxb5 42. Bg4 c5 43. Bf3 Rbb3 44. Bg4 c4 45. Rc1 Ra3 46. a6 Rxa6 47. Rb1 Kc6 48. Bh5 d4 49. Be8+ Kc5 50. Rb5+ Kd6 51. Rxb7 c3 52. Rb4 e5 53. Rbb1 c2 54. Rbc1 Rc3 55. Bb5 Rb6 56. Be2 e4 57. Rh1 d3 58. Bxd3 exd3 59. Rh6+ Kc5 60. Rh5+ Kb4 61. Rd5 Kb3 62. Ra5 d2 63. Rca1 c1Q 64. Rxc1 dxc1Q 65. Kh3 g2+ 66. Kh4 Qf4+ 67. Kh5 Rh6# 0-1

[Event "IRI-ch U14 Girls"]
[Site "Chess.com INT"]
[Date "2021.01.16"]
[Round "9"]
[White "Pour Vosough, Helia"]
[Black "Parvin, Zahra"]
[Result "0-1"]
[WhiteElo "1004"]
[BlackElo "1668"]
[PlyCount "102"]
[EventDate "2021.01.16"]
[EventType "swiss"]
[EventRounds "9"]
[EventCountry "IRI"]
[SourceTitle "EXT 2022"]
[Source "ChessBase"]
[SourceDate "2021.10.06"]
[SourceVersion "1"]
[SourceVersionDate "2021.10.06"]
[SourceQuality "1"]

1. e4 e5 2. Nf3 Nf6 3. Bc4 Nxe4 4. Nxe5 d5 5. Qf3 Nf6 6. Bb3 Bd6 7. d4 Bxe5 8. dxe5 Ne4 9. 0-0 0-0 10. Nc3 Nxc3 11. Qxc3 c6 12. Qg3 Kh8 13. c4 d4 14. Rd1 c5 15. Bg5 Qc7 16. Re1 Be6 17. Bc2 Bxc4 18. Qh4 d3 19. Bb3 Bxb3 20. axb3 Nc6 21. e6 fxe6 22. Rxe6 Rae8 23. Rae1 Rxe6 24. Rxe6 Qd7 25. Qe4 d2 26. Bxd2 Qxd2 27. f3 Qd4+ 28. Qe3 Qxe3+ 29. Rxe3 Kg8 30. Kf2 Kf7 31. Kg3 Nd4 32. Kg4 Re8 33. Rc3 b6 34. Kg3 Ne2+ 35. Kh3 Nxc3 36. bxc3 Re3 37. b4 Rxc3 38. bxc5 Rxc5 39. f4 a5 40. g4 a4 41. f5 a3 42. Kh4 a2 43. f6 gxf6 44. g5 fxg5+ 45. Kg4 a1Q 46. h4 Qd4+ 47. Kf3 Qxh4 48. Ke3 Rc3+ 49. Kd2 Rg3 50. Ke2 Qh2+ 51. Kf1 Rg1# 0-1

[Event "IRI-chT 18th"]
[Site "Tehran"]
[Date "2019.11.23"]
[Round "1.5"]
[White "Parvin, Zahra"]
[Black "Mahdian, Anousha"]
[Result "0-1"]
[WhiteElo "1587"]
[BlackElo "2187"]
[PlyCount "38"]
[EventDate "2019.11.23"]
[EventType "team-tourn"]
[EventRounds "9"]
[EventCountry "IRI"]
[SourceTitle "CBM 193 Extra"]
[Source "ChessBase"]
[SourceDate "2020.01.31"]
[SourceVersion "1"]
[SourceVersionDate "2020.01.31"]
[SourceQuality "1"]
[WhiteTeam "Zanjan Bimarestan Bahman"]
[BlackTeam "Tehran Saipa"]
[WhiteTeamCountry "IRI"]
[BlackTeamCountry "IRI"]

1. e4 c6 2. d4 d5 3. exd5 cxd5 4. Bd3 Nc6 5. c3 Qc7 6. Ne2 Bg4 7. Bf4 Qxf4 8. Nxf4 Bxd1 9. Kxd1 e6 10. Re1 Nf6 11. Nd2 Bd6 12. g3 Kd7 13. Nf3 h6 14. h4 a6 15. Kd2 g6 16. Re2 b5 17. Ne5+ Bxe5 18. dxe5 Ng4 19. Rae1 h5 0-1